000 00874cam a22002775a 4500
001 15883069
005 20180202041149.0
008 090827s2011 mauab b 001 0 eng d
010 _a 2009935789
020 _a9780495797135 (student ed. : pbk.)
020 _a0495797138 (student ed. : pbk.)
035 _a(OCoLC)ocn430053473
040 _aBTCTA
_cBTCTA
_dIEF
_dYDXCP
_dVXX
_dDLC
041 _aeng
042 _alccopycat
043 _an-us---
080 _a320.973 ste
082 0 4 _a320.973 ste
_222
100 1 _a20
101 _apol
245 1 0 _aAmerican government and politics today :
_cSteffen W. Schmidt, Mack C. Shelley II, Barbara A. Bardes.
504 _aIncludes bibliographical references and index.
906 _a0
_bibc
_ccopycat
_d2
_encip
_f20
_gy-gencatlg
942 _2ddc
_cBK
999 _c41586
_d41586